| 000 | 01355pam a2200373 a 4500 | ||
|---|---|---|---|
| 999 |
_c29320 _d29291 |
||
| 001 | 015744868 | ||
| 003 | EG-ScBUE | ||
| 005 | 20210804125548.0 | ||
| 008 | 110127t2010 mauabc f bd 001 0 eng d | ||
| 020 | _a9781439041741 | ||
| 020 | _a1439041741 | ||
| 040 |
_aStDuBDS _beng _erda _cStDuBDS _dUk _dEG-ScBUE |
||
| 082 | 0 | 4 |
_a327.1 _bKEG _222 |
| 100 | 1 |
_aKegley, Charles W., _eauthor. _911140 |
|
| 245 | 1 | 4 |
_aThe global future : _ba brief introduction to world politics / _cCharles W. Kegley Jr., Carnegie Council for Ethics in International Affairs, Gregory A. Raymond, Boise State University. |
| 250 | _aThird edition. | ||
| 264 | 1 |
_aBoston, MA : _bWadsworth Cengage Learning, _c[2010] |
|
| 264 | 4 | _cc2010 | |
| 300 |
_axxiii, 453 pages : _billustrations, maps (some color), portraits ; _c24 cm |
||
| 336 |
_atext _2rdacontent _btxt |
||
| 337 |
_aunmediated _2rdamedia _bn |
||
| 338 |
_avolume _2rdacarrier _bnc |
||
| 500 | _aIncludes glossary. | ||
| 504 | _aIncludes bibliographical references and index. | ||
| 650 | 7 |
_aInternational relations. _2BUEsh |
|
| 650 | 7 |
_aWorld politics _y1989- _2BUEsh |
|
| 650 | 7 |
_aGlobalization. _2BUEsh |
|
| 653 |
_bBUSBOL _cAugust2021 |
||
| 655 |
_vReading book _934232 |
||
| 700 | 1 |
_aRaymond, Gregory A., _eauthor. |
|
| 942 |
_2ddc _cBB |
||